Age-related improvement of breeding success in the Greater flamingo : consideration of individual heterogeneity : [μεταπτυχιακή διατριβή]
Αποθηκεύτηκε σε:
| Κύριος συγγραφέας: | |
|---|---|
| Συλλογικό Έργο: | , |
| Άλλοι συγγραφείς: | , |
| Μορφή: | Thesis Βιβλίο |
| Γλώσσα: | English |
| Δημοσίευση: |
2013
|
| Θέματα: | |
| Ετικέτες: |
Προσθήκη ετικέτας
Δεν υπάρχουν, Καταχωρήστε ετικέτα πρώτοι!
|
MARC
| LEADER | 00000cam a2200000 i 4500 | ||
|---|---|---|---|
| 001 | 1/56716 | ||
| 008 | 140922s2013 eng d | ||
| 035 | |l 10119227 | ||
| 040 | |a GR-MY-UA |b gre |e aacr | ||
| 041 | 0 | |a eng | |
| 082 | 0 | |a 598 |2 (22) | |
| 100 | 1 | |a Fay, Remi. | |
| 245 | 1 | 0 | |a Age-related improvement of breeding success in the Greater flamingo : |b consideration of individual heterogeneity : [μεταπτυχιακή διατριβή] / |c by Remi Fay ; conducted under the supervision of: Arnaud Bechet in collaboration with Roger Pradel |
| 260 | |c 2013 | ||
| 300 | |a 44 σ.; |c 30 εκ. | ||
| 502 | # | # | |a Διατριβή (μεταπτυχιακή) – Πανεπιστήμιο Αιγαίου, Λέσβος, 2013. |
| 650 | 0 | 0 | |a Greater flamingo. |
| 650 | 0 | 0 | |a Birds |z Breeding. |
| 650 | 0 | 0 | |a Birds |x Ecology. |
| 650 | 0 | 0 | |a Dissertations, Academic |z Greece. |
| 700 | 1 | |a Bechet, Arnaud. |4 ths | |
| 700 | 1 | |a Pradel, Roger. |4 ths | |
| 710 | 2 | |a Πανεπιστήμιο Αιγαίου Ελληνογαλλικό Πρόγραμμα Μεταπτυχιακών Σπουδών Διατήρηση της Βιοποικιλότητας |b Σχολή Περιβάλλοντος. | |
| 710 | 2 | |a Universite des sciences et techniques du Languedoc. | |
| 852 | |a INST |b LESVOS |c DIATR |e 20140922 |h 100 |p 005100055045 |q 005100055045 |t MTXE |y 23 | ||
| 852 | |a INST |b LESVOS |c DIATR |e 20140922 |h 99 |p 005100055044 |q 005100055044 |t MTXE |y 23 | ||
| 901 | |a BIBL1-2014-3 | ||
| 909 | |a Λ |b 190856 | ||
| 909 | |a Λ |b 190857 | ||
| 924 | |a FAY |b REMI |y ΛΕΣΒΟΣ |z 2013-01 | ||
| 970 | |a ΤΖΑΦΕΡΗ |b ΕΥΑΓΓΕΛΙΑ |z 2014/09/22 | ||